Quality control and applied statistics.

Bibliographic Details
Corporate Author: Executive Sciences Institute
Format: Serial
Language:English
Published: Whippany, N.J. : Executive Sciences Institute.
Subjects:
Online Availability: Check for online availability

MARC

Tag First Indicator Second Indicator Subfields
LEADER 00000cas a2200000 a 4500
001 in00000049305
005 20151007071643.0
008 751012c19569999njubr a 0 a0eng c
010 |a  93660583   |z sn 79004955  
016 7 |a 9881324  |2 DNLM 
016 7 |a SR0053260  |2 DNLM 
016 7 |a 008550835  |2 Uk 
019 |a 821172679 
022 0 |a 0033-5207  |l 0033-5207  |2 1 
029 1 |a NLM  |b 9881324 
029 1 |a NZ1  |b 4390205 
029 1 |a AU@  |b 000005660000 
029 1 |a AU@  |b 000024991676 
029 1 |a ZWZ  |b 038779862 
032 |a 436510  |b USPS 
035 |a (OCoLC)ocm01696635 
035 |a (OCoLC)1696635  |z (OCoLC)821172679 
037 |b Executive Sciences Institute, 1005 Mississippi Ave., Davenport, IA 52803 
040 |a MUL  |b eng  |c MUL  |d OCL  |d COO  |d NSD  |d NYG  |d OCL  |d IUL  |d NSD  |d NST  |d NSD  |d NST  |d DLC  |d NST  |d DLC  |d OCL  |d DLC  |d OCLCQ  |d NLM  |d LVB  |d BUF  |d OCLCQ  |d UKMGB  |d AGL  |d ORZ  |d OCLCQ  |d UtOrBLW 
042 |a nsdp  |a pcc 
049 |a TXAM 
050 0 0 |a TS156.A1  |b Q335 
050 1 4 |a QA276  |b .Q13 
070 0 |a TS156.Q3  |b Q8 
082 0 0 |a 658.5/62/015195  |2 20 
090 |a TS156.Q3  |b Q33 
210 0 |a Qual. control appl. stat. 
222 0 |a Quality control and applied statistics 
245 0 0 |a Quality control and applied statistics. 
246 3 0 |a QCAS 
264 1 |a Whippany, N.J. :  |b Executive Sciences Institute. 
300 |a volumes ;  |c 23 cm. 
310 |a Bimonthly,  |b <Jan.-Feb. 1993-> 
321 |a Monthly 
336 |a text  |b txt  |2 rdacontent 
337 |a unmediated  |b n  |2 rdamedia 
338 |a volume  |b nc  |2 rdacarrier 
362 1 |a Began in 1956. 
500 |a "International literature digest." 
500 |a At head of title, <Oct 1989-Nov. 1989>: QCAS. 
580 |a Cumulated annually by: Quality control and applied statistics yearbook. 
588 |a Description based on: Vol. 32, no. 9 (Sept. 1987); title from cover. 
588 |a Latest issue consulted: Vol. 38, no. 1 (Jan.-Feb. 1993) (surrogate). 
650 0 |a Quality control  |v Abstracts  |v Periodicals. 
650 0 |a Statistics  |v Abstracts  |v Periodicals. 
650 0 |a Operations research  |v Abstracts  |v Periodicals. 
650 6 |a Qualité  |x Contrôle  |v Résumés analytiques  |v Périodiques. 
650 6 |a Recherche opérationnelle  |v Résumés analytiques  |v Périodiques. 
710 2 |a Executive Sciences Institute. 
776 0 8 |i Online version:  |t Quality control and applied statistics  |w (OCoLC)693127330 
787 1 |t Quality control and applied statistics yearbook  |x 0480-9068  |w (DLC) 62053241  |w (OCoLC)1714498 
850 |a DLC  |a LU  |a MnSU  |a MnU  |a NhU  |a NcRS  |a ScCleU 
891 2 0 |9 853  |8 1  |a v.  |b no.  |u 12  |v r  |i (year)  |w m 
891 4 1 |9 863  |8 1.1  |a 20  |b 1  |i 1975 
949 |a updated  |b h  |c 2013/9/23  |e spoltoratski  |f 8:38:47 am  |g m 
994 |a C0  |b TXA 
999 |a MARS 
999 f f |s 93578f5d-afe5-3096-9990-a537790be3f5  |i 0ee17945-5229-3ac7-876d-dbcab5657a27  |t 0 
952 f f |a Texas A&M University  |b College Station  |c Sterling C. Evans Library  |d Evans: Library Stacks  |e TS156.Q3 Q33  |h Library of Congress classification  |i unmediated -- volume  |k v.55:no.4-5/6  |l 2010  |m A14841637287  |p serial  |s Evans stk  |t 0 
952 f f |a Texas A&M University  |b College Station  |c Sterling C. Evans Library  |d Evans: Library Stacks  |e TS156.Q3 Q33  |h Library of Congress classification  |i unmediated -- volume  |k v.59:no.1/2-3  |l 2014  |m A14843535114  |p serial  |s Evans stk  |t 0 
952 f f |a Texas A&M University  |b College Station  |c Sterling C. Evans Library  |d Evans: Library Stacks  |e TS156.Q3 Q33  |h Library of Congress classification  |i unmediated -- volume  |k v.51:no.4-6  |l 2006:July/Aug.-Nov./Dec.  |m A14836131373  |p serial  |s Evans stk  |t 0 
952 f f |a Texas A&M University  |b College Station  |c Sterling C. Evans Library  |d Evans: Library Stacks  |e TS156.Q3 Q33  |h Library of Congress classification  |i unmediated -- volume  |k v.62:no.4-5/6  |l 2017:July/Aug.-Sept./Dec.  |m A14850356107  |p serial  |s Evans stk  |t 0 
952 f f |a Texas A&M University  |b College Station  |c Sterling C. Evans Library  |d Evans: Library Stacks  |e TS156.Q3 Q33  |h Library of Congress classification  |i unmediated -- volume  |k v.33:no.9-v.33:no.12  |l 1988-1988  |m A14812043956  |p serial  |s Evans stk  |t 0 
952 f f |a Texas A&M University  |b College Station  |c Sterling C. Evans Library  |d Evans: Library Stacks  |e TS156.Q3 Q33  |h Library of Congress classification  |i unmediated -- volume  |k v.57:no.1/2-3  |l 2012  |m A14843535155  |p serial  |s Evans stk  |t 0 
952 f f |a Texas A&M University  |b College Station  |c Sterling C. Evans Library  |d Evans: Library Stacks  |e TS156.Q3 Q33  |h Library of Congress classification  |i unmediated -- volume  |k v.32:no.1 -v.32:no.6  |l 1987-1987  |m A14811381076  |p serial  |s Evans stk  |t 0 
952 f f |a Texas A&M University  |b College Station  |c Sterling C. Evans Library  |d Evans: Library Stacks  |e TS156.Q3 Q33  |h Library of Congress classification  |i unmediated -- volume  |k v.32:no.7 -v.32:no.12  |l 1987-1987  |m A14811380486  |p serial  |s Evans stk  |t 0 
952 f f |a Texas A&M University  |b College Station  |c Sterling C. Evans Library  |d Evans: Library Stacks  |e TS156.Q3 Q33  |h Library of Congress classification  |i unmediated -- volume  |k v.35:no.7 -v.35:no.12  |l 1990-1990  |m A14815299158  |p serial  |s Evans stk  |t 0 
952 f f |a Texas A&M University  |b College Station  |c Sterling C. Evans Library  |d Evans: Library Stacks  |e TS156.Q3 Q33  |h Library of Congress classification  |i unmediated -- volume  |k v.54:no.1/2-3  |l 2009  |m A14841637318  |p serial  |s Evans stk  |t 0 
952 f f |a Texas A&M University  |b College Station  |c Sterling C. Evans Library  |d Evans: Library Stacks  |e TS156.Q3 Q33  |h Library of Congress classification  |i unmediated -- volume  |k v.48  |l 2003  |m A14831807165  |p serial  |s Evans stk  |t 0 
952 f f |a Texas A&M University  |b College Station  |c Sterling C. Evans Library  |d Evans: Library Stacks  |e TS156.Q3 Q33  |h Library of Congress classification  |i unmediated -- volume  |k v.51:no.1-3  |l 2006:Jan./Feb.-May/June  |m A14836131412  |p serial  |s Evans stk  |t 0 
952 f f |a Texas A&M University  |b College Station  |c Sterling C. Evans Library  |d Evans: Library Stacks  |e TS156.Q3 Q33  |h Library of Congress classification  |i unmediated -- volume  |k v.34:no.7 -v.34:no.12  |l 1989-1989  |m A14815299051  |p serial  |s Evans stk  |t 0 
952 f f |a Texas A&M University  |b College Station  |c Sterling C. Evans Library  |d Evans: Library Stacks  |e TS156.Q3 Q33  |h Library of Congress classification  |i unmediated -- volume  |k v.60:no.4-5/6  |l 2015  |m A14843535080  |p serial  |s Evans stk  |t 0 
952 f f |a Texas A&M University  |b College Station  |c Sterling C. Evans Library  |d Evans: Library Stacks  |e TS156.Q3 Q33  |h Library of Congress classification  |i unmediated -- volume  |k v.49:no.1-3  |l 2004  |m A14832843766  |p serial  |s Evans stk  |t 0 
952 f f |a Texas A&M University  |b College Station  |c Sterling C. Evans Library  |d Evans: Library Stacks  |e TS156.Q3 Q33  |h Library of Congress classification  |i unmediated -- volume  |k v.54:no.4-5/6  |l 2009  |m A14841637300  |p serial  |s Evans stk  |t 0 
952 f f |a Texas A&M University  |b College Station  |c Sterling C. Evans Library  |d Evans: Library Stacks  |e TS156.Q3 Q33  |h Library of Congress classification  |i unmediated -- volume  |k v.67:no.1-4  |l 2022  |m A14851806860  |p serial  |s Evans stk  |t 0 
952 f f |a Texas A&M University  |b College Station  |c Sterling C. Evans Library  |d Evans: Library Stacks  |e TS156.Q3 Q33  |h Library of Congress classification  |i unmediated -- volume  |k v.65  |l 2020  |m A14851507476  |p serial  |s Evans stk  |t 0 
952 f f |a Texas A&M University  |b College Station  |c Sterling C. Evans Library  |d Evans: Library Stacks  |e TS156.Q3 Q33  |h Library of Congress classification  |i unmediated -- volume  |k v.36:no.1 -v.36:no.6  |l 1991-1991  |m A14817933407  |p serial  |s Evans stk  |t 0 
952 f f |a Texas A&M University  |b College Station  |c Sterling C. Evans Library  |d Evans: Library Stacks  |e TS156.Q3 Q33  |h Library of Congress classification  |i unmediated -- volume  |k v.68  |l 2023  |m A14852743179  |p serial  |s Evans stk  |t 0 
952 f f |a Texas A&M University  |b College Station  |c Sterling C. Evans Library  |d Evans: Library Stacks  |e TS156.Q3 Q33  |h Library of Congress classification  |i unmediated -- volume  |k v.59:no.4-5/6  |l 2014  |m A14843535106  |p serial  |s Evans stk  |t 0 
952 f f |a Texas A&M University  |b College Station  |c Sterling C. Evans Library  |d Evans: Library Stacks  |e TS156.Q3 Q33  |h Library of Congress classification  |i unmediated -- volume  |k v.40  |l 1995  |m A14820280091  |p serial  |s Evans stk  |t 0 
952 f f |a Texas A&M University  |b College Station  |c Sterling C. Evans Library  |d Evans: Library Stacks  |e TS156.Q3 Q33  |h Library of Congress classification  |i unmediated -- volume  |k v.44  |l 1999  |m A14827278087  |p serial  |s Evans stk  |t 0 
952 f f |a Texas A&M University  |b College Station  |c Sterling C. Evans Library  |d Evans: Library Stacks  |e TS156.Q3 Q33  |h Library of Congress classification  |i unmediated -- volume  |k v.53:no.1-3  |l 2008  |m A14834740697  |p serial  |s Evans stk  |t 0 
952 f f |a Texas A&M University  |b College Station  |c Sterling C. Evans Library  |d Evans: Library Stacks  |e TS156.Q3 Q33  |h Library of Congress classification  |i unmediated -- volume  |k v.37:no.7 -v.37:no.12  |l 1992-1992  |m A14817867119  |p serial  |s Evans stk  |t 0 
952 f f |a Texas A&M University  |b College Station  |c Sterling C. Evans Library  |d Evans: Library Stacks  |e TS156.Q3 Q33  |h Library of Congress classification  |i unmediated -- volume  |k v.64  |l 2019  |m A14851467614  |p serial  |s Evans stk  |t 0 
952 f f |a Texas A&M University  |b College Station  |c Sterling C. Evans Library  |d Evans: Library Stacks  |e TS156.Q3 Q33  |h Library of Congress classification  |i unmediated -- volume  |k v.56:no.4-5/6  |l 2011  |m A14841637261  |p serial  |s Evans stk  |t 0 
952 f f |a Texas A&M University  |b College Station  |c Sterling C. Evans Library  |d Evans: Library Stacks  |e TS156.Q3 Q33  |h Library of Congress classification  |i unspecified -- unspecified  |k v.66  |l 2021  |m A14851518119  |p serial  |s Evans stk  |t 0 
952 f f |a Texas A&M University  |b College Station  |c Sterling C. Evans Library  |d Evans: Library Stacks  |e TS156.Q3 Q33  |h Library of Congress classification  |i unmediated -- volume  |k v.53:no.4/5-6  |l 2008  |m A14841637326  |p serial  |s Evans stk  |t 0 
952 f f |a Texas A&M University  |b College Station  |c Sterling C. Evans Library  |d Evans: Library Stacks  |e TS156.Q3 Q33  |h Library of Congress classification  |i unmediated -- volume  |k v.62:no.1/2-3  |l 2017:Jan./Apr.-May/June  |m A14850356099  |p serial  |s Evans stk  |t 0 
952 f f |a Texas A&M University  |b College Station  |c Sterling C. Evans Library  |d Evans: Library Stacks  |e TS156.Q3 Q33  |h Library of Congress classification  |i unmediated -- volume  |k v.45  |l 2000  |m A14828542950  |p serial  |s Evans stk  |t 0 
952 f f |a Texas A&M University  |b College Station  |c Sterling C. Evans Library  |d Evans: At Bindery (Does not check out)  |e TS156.Q3 Q33  |h Library of Congress classification  |i unmediated -- volume  |k v.69  |l 2024  |m A14852702506  |p serial  |s Evans at bindery  |t 0 
952 f f |a Texas A&M University  |b College Station  |c Sterling C. Evans Library  |d Evans: Library Stacks  |e TS156.Q3 Q33  |h Library of Congress classification  |i unmediated -- volume  |k v.50:no.4-6  |l 2005:July/Aug.-Nov./Dec.  |m A14835108115  |p serial  |s Evans stk  |t 0 
952 f f |a Texas A&M University  |b College Station  |c Sterling C. Evans Library  |d Evans: Library Stacks  |e TS156.Q3 Q33  |h Library of Congress classification  |i unmediated -- volume  |k v.37:no.1 -v.37:no.6  |l 1992-1992  |m A14817867101  |p serial  |s Evans stk  |t 0 
952 f f |a Texas A&M University  |b College Station  |c Sterling C. Evans Library  |d Evans: Library Stacks  |e TS156.Q3 Q33  |h Library of Congress classification  |i unmediated -- volume  |k v.63  |l 2018  |m A14850911810  |p serial  |s Evans stk  |t 0 
952 f f |a Texas A&M University  |b College Station  |c Sterling C. Evans Library  |d Evans: Library Stacks  |e TS156.Q3 Q33  |h Library of Congress classification  |i unmediated -- volume  |k v.58:no.1/2-3  |l 2013  |m A14843535130  |p serial  |s Evans stk  |t 0 
952 f f |a Texas A&M University  |b College Station  |c Sterling C. Evans Library  |d Evans: Library Stacks  |e TS156.Q3 Q33  |h Library of Congress classification  |i unmediated -- volume  |k v.55:no.1/2-3  |l 2010  |m A14841637295  |p serial  |s Evans stk  |t 0 
952 f f |a Texas A&M University  |b College Station  |c Sterling C. Evans Library  |d Evans: Library Stacks  |e TS156.Q3 Q33  |h Library of Congress classification  |i unmediated -- volume  |k v.35:no.1 -v.35:no.6  |l 1990-1990  |m A14815299108  |p serial  |s Evans stk  |t 0 
952 f f |a Texas A&M University  |b College Station  |c Sterling C. Evans Library  |d Evans: Library Stacks  |e TS156.Q3 Q33  |h Library of Congress classification  |i unmediated -- volume  |k v.67:no. 5-6  |l 2022  |m A14852160994  |p serial  |s Evans stk  |t 0 
952 f f |a Texas A&M University  |b College Station  |c Sterling C. Evans Library  |d Evans: Library Stacks  |e TS156.Q3 Q33  |h Library of Congress classification  |i unmediated -- volume  |k v.58:no.4-5/6  |l 2013  |m A14843535122  |p serial  |s Evans stk  |t 0 
952 f f |a Texas A&M University  |b College Station  |c Sterling C. Evans Library  |d Evans: Library Stacks  |e TS156.Q3 Q33  |h Library of Congress classification  |i unmediated -- volume  |k v.46  |l 2001  |m A14828542942  |p serial  |s Evans stk  |t 0 
952 f f |a Texas A&M University  |b College Station  |c Sterling C. Evans Library  |d Evans: Library Stacks  |e TS156.Q3 Q33  |h Library of Congress classification  |i unmediated -- volume  |k v.52:no.1- 3  |l 2007  |m A14836405691  |p serial  |s Evans stk  |t 0 
952 f f |a Texas A&M University  |b College Station  |c Sterling C. Evans Library  |d Evans: Library Stacks  |e TS156.Q3 Q33  |h Library of Congress classification  |i unmediated -- volume  |k v.36:no.7 -v.36:no.12  |l 1991-1991  |m A14817867096  |p serial  |s Evans stk  |t 0 
952 f f |a Texas A&M University  |b College Station  |c Sterling C. Evans Library  |d Evans: Library Stacks  |e TS156.Q3 Q33  |h Library of Congress classification  |i unmediated -- volume  |k v.33:no.5-v.33:no.8  |l 1988-1988  |m A14812044009  |p serial  |s Evans stk  |t 0 
952 f f |a Texas A&M University  |b College Station  |c Sterling C. Evans Library  |d Evans: Library Stacks  |e TS156.Q3 Q33  |h Library of Congress classification  |i unmediated -- volume  |k v.33:no.1 -v.33:no.4  |l 1988-1988  |m A14811819168  |p serial  |s Evans stk  |t 0 
952 f f |a Texas A&M University  |b College Station  |c Sterling C. Evans Library  |d Evans: Library Stacks  |e TS156.Q3 Q33  |h Library of Congress classification  |i unmediated -- volume  |k v.57:no.4-5/6  |l 2012  |m A14843535148  |p serial  |s Evans stk  |t 0 
952 f f |a Texas A&M University  |b College Station  |c Sterling C. Evans Library  |d Evans: Library Stacks  |e TS156.Q3 Q33  |h Library of Congress classification  |i unmediated -- volume  |k v.61:no.4-5/6  |l 2016:July/Aug.-Sept./Dec.  |m A14850084089  |p serial  |s Evans stk  |t 0 
952 f f |a Texas A&M University  |b College Station  |c Sterling C. Evans Library  |d Evans: Library Stacks  |e TS156.Q3 Q33  |h Library of Congress classification  |i unmediated -- volume  |k v.42  |l 1997  |m A14823882101  |p serial  |s Evans stk  |t 0 
952 f f |a Texas A&M University  |b College Station  |c Sterling C. Evans Library  |d Evans: Library Stacks  |e TS156.Q3 Q33  |h Library of Congress classification  |i unmediated -- volume  |k v.43  |l 1998  |m A14825975455  |p serial  |s Evans stk  |t 0 
952 f f |a Texas A&M University  |b College Station  |c Sterling C. Evans Library  |d Evans: Library Stacks  |e TS156.Q3 Q33  |h Library of Congress classification  |i unmediated -- volume  |k v.52:no.4-6  |l 2007:July - Dec.  |m A14836413694  |p serial  |s Evans stk  |t 0 
952 f f |a Texas A&M University  |b College Station  |c Sterling C. Evans Library  |d Evans: Library Stacks  |e TS156.Q3 Q33  |h Library of Congress classification  |i unmediated -- volume  |k v.47  |l 2002  |m A14830643770  |p serial  |s Evans stk  |t 0 
952 f f |a Texas A&M University  |b College Station  |c Sterling C. Evans Library  |d Evans: Library Stacks  |e TS156.Q3 Q33  |h Library of Congress classification  |i unmediated -- volume  |k v.50:no.1-3  |l 2005:Jan,/Feb.-May/June  |m A14832891989  |p serial  |s Evans stk  |t 0 
952 f f |a Texas A&M University  |b College Station  |c Sterling C. Evans Library  |d Evans: Library Stacks  |e TS156.Q3 Q33  |h Library of Congress classification  |i unmediated -- volume  |k v.49:no.4-6  |l 2004  |m A14832843805  |p serial  |s Evans stk  |t 0 
952 f f |a Texas A&M University  |b College Station  |c Sterling C. Evans Library  |d Evans: Library Stacks  |e TS156.Q3 Q33  |h Library of Congress classification  |i unmediated -- volume  |k v.39  |l 1994  |m A14819401773  |p serial  |s Evans stk  |t 0 
952 f f |a Texas A&M University  |b College Station  |c Sterling C. Evans Library  |d Evans: Library Stacks  |e TS156.Q3 Q33  |h Library of Congress classification  |i unmediated -- volume  |k v.38  |l 1993  |m A14818762671  |p serial  |s Evans stk  |t 0 
952 f f |a Texas A&M University  |b College Station  |c Sterling C. Evans Library  |d Evans: Library Stacks  |e TS156.Q3 Q33  |h Library of Congress classification  |i unmediated -- volume  |k v.60:no.1/2-3  |l 2015  |m A14843535098  |p serial  |s Evans stk  |t 0 
952 f f |a Texas A&M University  |b College Station  |c Sterling C. Evans Library  |d Evans: Library Stacks  |e TS156.Q3 Q33  |h Library of Congress classification  |i unmediated -- volume  |k v.34:no.1 -v.34:no.6  |l 1989-1989  |m A14815299174  |p serial  |s Evans stk  |t 0 
952 f f |a Texas A&M University  |b College Station  |c Sterling C. Evans Library  |d Evans: Library Stacks  |e TS156.Q3 Q33  |h Library of Congress classification  |i unmediated -- volume  |k v.41  |l 1996  |m A14821535716  |p serial  |s Evans stk  |t 0 
952 f f |a Texas A&M University  |b College Station  |c Sterling C. Evans Library  |d Evans: Library Stacks  |e TS156.Q3 Q33  |h Library of Congress classification  |i unmediated -- volume  |k v.56:no.1/2-3  |l 2011  |m A14841637279  |p serial  |s Evans stk  |t 0 
952 f f |a Texas A&M University  |b College Station  |c Sterling C. Evans Library  |d Evans: Library Stacks  |e TS156.Q3 Q33  |h Library of Congress classification  |i unmediated -- volume  |k v.61:no.1/2-3  |l 2016:Jan./Apr.-May/June  |m A14850084188  |p serial  |s Evans stk  |t 0 
998 f f |a TS156.Q3 Q33  |s v.1-69 (1956-2024)  |t 0  |l Evans: Library Stacks